[Event "Snorlax # 10"]
[Site "SchemingMind.com"]
[Date "2008.11.14"]
[Round "-"]
[White "admiradordebrahms"]
[Black "Joe Daudish"]
[Result "1/2-1/2"]
[WhiteCountry "COL"]
[BlackCountry "USA"]
[WhiteElo "1770"]
[WhiteRD "71"]
[BlackElo "1746"]
[BlackRD "43"]
[GameID "178252"]

1. e4 e6 2. d4 d5 3. Nc3 Ne7 4. Nf3 Ng6 5. Bg5 Be7 6. h4 c6 7. Bxe7 Nxe7 8. g4 dxe4 9. Nxe4 Nd7 10. Qd2 Nb6
11. h5 h6 12. g5 Nf5 13. gxh6 Nxh6 14. Qf4 O-O 15. Nd6 Nd5 16. Qe5 Qf6 17. Qe4 Qf4 18. Qxf4 Nxf4 19. Nxc8 Raxc8 20. O-O-O Rcd8
21. c4 f6 22. Rh4 e5 23. dxe5 fxe5 24. Nxe5 Ne6 25. f3 Rxd1+ 26. Kxd1 Rf5 27. Ng6 Rxf3 28. Bh3 Nc5 29. b4 Nd3 30. Be6+ Kh7
31. Rd4 Nf7 32. Ke2 Nde5 33. Re4 Rf6 34. Bxf7 Nxf7 35. Rf4 Kh6 36. Rxf6 gxf6 37. Nf4 Kg5 38. Kf3 Ne5+ 39. Ke4 Nxc4 40. Ne6+ Kxh5
41. Kf5 b6 42. Kxf6 a5 43. bxa5 Nxa5 44. Ke5 Nb7 45. Kd4 Kg6 46. Nc7 Kf6=
1/2-1/2

[Event "Snorlax # 10"]
[Site "SchemingMind.com"]
[Date "2008.11.14"]
[Round "-"]
[White "Joe Daudish"]
[Black "admiradordebrahms"]
[Result "1-0"]
[WhiteCountry "USA"]
[BlackCountry "COL"]
[WhiteElo "1746"]
[WhiteRD "43"]
[BlackElo "1770"]
[BlackRD "71"]
[GameID "178253"]

1. d4 Nf6 2. Nf3 e6 3. Bf4 c5 4. h3 cxd4 5. Qxd4 Nc6 6. Qd1 d5 7. e3 a6 8. c3 Bd6 9. Bxd6 Qxd6 10. Be2 Ne5
11. Nbd2 b5 12. O-O Nxf3+ 13. Bxf3 O-O 14. Nb3 e5 15. Re1 Bf5 16. Qd2 e4 17. Be2 Rfe8 18. Nd4 Bd7 19. a3 Rac8 20. f4 exf3
21. Bxf3 Re5 22. Re2 Ne4 23. Bxe4 dxe4 24. Rf1 f6 25. Qd1 Rcc5 26. Ref2 f5 27. g3 Red5 28. Qb3 Kh8 29. Kg2 Qh6 30. h4 Qxe3
31. Re2 Qh6 32. Rxe4 Qg6 33. Ref4 h6 34. a4 Kh7 35. axb5 Bxb5 36. Nxb5 Rxb5 37. Qc2 Qd6 38. R1f2 g6 39. c4 g5 40. hxg5 hxg5
41. R4f3 g4 42. Rf4 Rdc5 43. Rxg4 Qc6+ 44. Kh2 Rxc4 45. Rxc4
1-0

[Event "Snorlax # 10"]
[Site "SchemingMind.com"]
[Date "2008.11.09"]
[Round "-"]
[White "rampichino"]
[Black "Joe Daudish"]
[Result "0-1"]
[WhiteCountry "ITA"]
[BlackCountry "USA"]
[WhiteElo "1103"]
[WhiteRD "82"]
[BlackElo "1728"]
[BlackRD "43"]
[GameID "178308"]

1. e4 e6 2. d4 d5 3. e5 Ne7 4. Nf3 Ng6 5. c4 Be7 6. Nc3 dxc4 7. Bxc4 c6 8. O-O Nd7 9. Qb3 Nb6 10. Bd3 O-O
11. Be3 Nd5 12. Nxd5 exd5 13. Rac1 Be6
0-1

[Event "Snorlax # 10"]
[Site "SchemingMind.com"]
[Date "2008.11.10"]
[Round "-"]
[White "Joe Daudish"]
[Black "rampichino"]
[Result "1-0"]
[WhiteCountry "USA"]
[BlackCountry "ITA"]
[WhiteElo "1728"]
[WhiteRD "43"]
[BlackElo "1103"]
[BlackRD "82"]
[GameID "178310"]

1. d4 d5 2. Nf3 Nc6 3. Bf4 Bg4 4. e3 f6 5. Be2 e5 6. dxe5 fxe5 7. Bg3 Bxf3 8. Bxf3 Nf6 9. Nc3 Bb4 10. O-O e4
11. Bh5+ g6 12. Be2 O-O 13. a3
1-0

[Event "Snorlax # 10"]
[Site "SchemingMind.com"]
[Date "2008.11.12"]
[Round "-"]
[White "Carl Lenox"]
[Black "Joe Daudish"]
[Result "0-1"]
[WhiteCountry "CAN"]
[BlackCountry "USA"]
[WhiteElo "1216"]
[WhiteRD "61"]
[BlackElo "1728"]
[BlackRD "43"]
[GameID "178729"]

1. e4 e6 2. Bb5 c6 3. Ba4 Ne7 4. Nf3 Ng6 5. Nc3 b5 6. Bb3 a5 7. O-O a4 8. Bxe6 dxe6 9. Ne2 Be7 10. b3 Nd7
11. Bb2 Bf6 12. d4 O-O 13. Qd2 Bb7 14. Rad1 axb3
0-1

[Event "Snorlax # 10"]
[Site "SchemingMind.com"]
[Date "2008.11.13"]
[Round "-"]
[White "Joe Daudish"]
[Black "Carl Lenox"]
[Result "1-0"]
[WhiteCountry "USA"]
[BlackCountry "CAN"]
[WhiteElo "1728"]
[WhiteRD "43"]
[BlackElo "1216"]
[BlackRD "61"]
[GameID "178732"]

1. d4 Nf6 2. Nf3 e6 3. Bf4 d6 4. h3 d5 5. e3 Bb4+ 6. c3 Be7 7. Bd3 Nc6 8. O-O O-O 9. Nbd2 b6 10. Ne5 Bb7
11. Nxc6 Bxc6 12. Qc2 Qd7 13. e4 Rad8 14. e5 Nh5 15. Bh2
1-0

[Event "Snorlax # 10"]
[Site "SchemingMind.com"]
[Date "2008.11.12"]
[Round "-"]
[White "doobwah"]
[Black "Joe Daudish"]
[Result "1-0"]
[WhiteCountry "USA"]
[BlackCountry "USA"]
[WhiteElo "1640"]
[WhiteRD "85"]
[BlackElo "1728"]
[BlackRD "43"]
[GameID "178735"]

1. e4 e6 2. Nf3 d5 3. exd5 Qxd5 4. Nc3 Qd8 5. b3 Nf6 6. Bb2 Be7 7. d4 c6 8. Be2 Nbd7 9. O-O b6 10. Ne5 Nxe5
11. dxe5 Nd5 12. Nxd5 cxd5 13. Bd4 O-O 14. a3 Bb7 15. b4 Qd7 16. c3 Rfc8 17. Bd3 g6 18. f4 Bc6 19. Rc1 Bb5 20. Rf3 Bxd3
21. Rxd3 b5 22. Rh3 Bf8 23. Qe2 a5 24. Rd1 axb4 25. axb4 Ra4 26. Kh1 Rc4 27. Rh4 Qd8 28. Qf2 Bg7 29. Qg3 Ra2 30. Qh3 h6
31. f5 exf5 32. Rxh6 Bxh6 33. Qxh6 Qf8 34. Qg5 Ra6 35. Rf1 Re6 36. Rxf5 Kg7 37. Rf4 Qc8 38. Rh4 f5 39. Qh6+ Kf7 40. Qh7+ Ke8
41. Qg8+ Kd7 42. Rh7+ Kc6 43. Qxc8#
1-0

[Event "Snorlax # 10"]
[Site "SchemingMind.com"]
[Date "2008.11.17"]
[Round "-"]
[White "doobwah"]
[Black "admiradordebrahms"]
[Result "0-1"]
[WhiteCountry "USA"]
[BlackCountry "COL"]
[WhiteElo "1599"]
[WhiteRD "81"]
[BlackElo "1770"]
[BlackRD "71"]
[GameID "178737"]

1. e4 e5 2. Nf3 Nf6 3. Nc3 Bb4 4. d3 d5 5. Bd2 Nc6 6. a3 Bxc3 7. bxc3 dxe4 8. Ng5 O-O 9. Be2 exd3 10. cxd3 h6
11. Nf3 e4 12. dxe4 Nxe4 13. O-O Nxd2 14. Nxd2 Bf5 15. Bf3 Qf6 16. Qc1 Rae8 17. c4 b6 18. Bd5 Nd4 19. Qd1 c6 20. Bf3 Bd3
21. Bxc6 Nxc6 22. Nb3 Bxf1 23. Kxf1 Rd8 24. Qc1 Nd4 25. Nxd4 Rxd4 26. Qc2 Qh4 27. h3 Rxc4 28. Qd3 Rd8 29. Qf3 Qf4 30. Qb3 Rd2
31. f3 Qd4
0-1

[Event "Snorlax # 10"]
[Site "SchemingMind.com"]
[Date "2008.11.13"]
[Round "-"]
[White "Joe Daudish"]
[Black "doobwah"]
[Result "1-0"]
[WhiteCountry "USA"]
[BlackCountry "USA"]
[WhiteElo "1728"]
[WhiteRD "43"]
[BlackElo "1640"]
[BlackRD "85"]
[GameID "178739"]

1. d4 d5 2. Nf3 Bg4 3. Bf4 Nc6 4. e3 a6 5. Be2 f6 6. h3 Bh5 7. Nbd2 e6 8. O-O Bd6 9. Bxd6 Qxd6 10. c3 e5
11. dxe5 Nxe5 12. Nxe5 Bxe2 13. Qxe2 fxe5 14. Qh5+ g6 15. Qg4 Nf6 16. Qa4+ Nd7 17. Nf3 O-O-O 18. Rad1 h6 19. e4 Nb6 20. Qb3 Rhf8
21. Nh2 h5 22. exd5 Rf4 23. Rfe1 Qc5 24. Re2 Rxd5 25. Rxd5 Nxd5 26. g3 Rf5 27. Nf1 Kb8 28. Ne3 Nxe3 29. Rxe3 Ka7 30. Qe6 Rg5
31. h4 Rg4 32. Qxe5 Qxe5 33. Rxe5 Kb6 34. Kg2 Rc4 35. f3 Rc6 36. Kf2 Rd6 37. Ke2 c5 38. g4 hxg4 39. fxg4 Rf6 40. h5 gxh5
41. gxh5 Kc6 42. Rg5 Kd6 43. Kd3 b5 44. b3 Ke7 45. Rg6 Rxg6 46. hxg6 Kf6 47. Ke4 Kxg6 48. Kd5
1-0

[Event "Snorlax # 10"]
[Site "SchemingMind.com"]
[Date "2008.11.12"]
[Round "-"]
[White "Carl Lenox"]
[Black "doobwah"]
[Result "0-1"]
[WhiteCountry "CAN"]
[BlackCountry "USA"]
[WhiteElo "1193"]
[WhiteRD "65"]
[BlackElo "1599"]
[BlackRD "81"]
[GameID "178740"]

1. e4 e5 2. Nf3 d6 3. d4 exd4 4. Nxd4 Nf6 5. Nc3 a6 6. Bd3 Be7 7. O-O Bg4 8. Qe1 O-O 9. f3 Bd7 10. Be3 Nc6
0-1

[Event "Snorlax # 10"]
[Site "SchemingMind.com"]
[Date "2008.11.17"]
[Round "-"]
[White "admiradordebrahms"]
[Black "doobwah"]
[Result "1-0"]
[WhiteCountry "COL"]
[BlackCountry "USA"]
[WhiteElo "1770"]
[WhiteRD "71"]
[BlackElo "1599"]
[BlackRD "81"]
[GameID "178741"]

1. e4 e5 2. Nf3 d6 3. d4 exd4 4. Nxd4 g6 5. Nc3 Bg7 6. Bc4 c6 7. Bf4 Ne7 8. O-O O-O 9. Bg5 Qd7 10. f4 b5
11. Be2 Qb7 12. f5 f6 13. Bf4 Rd8 14. fxg6 hxg6 15. Bg4 Qb6 16. Be3 c5 17. Ne6 Bxe6 18. Bxe6+ Kf8 19. Nd5 Nxd5 20. Bxd5 Nc6
21. Qg4 Ne5 22. Qe6 Qc7 23. Qg8+
1-0

[Event "Snorlax # 10"]
[Site "SchemingMind.com"]
[Date "2008.11.14"]
[Round "-"]
[White "jtrochez1"]
[Black "Joe Daudish"]
[Result "0-1"]
[WhiteCountry "HON"]
[BlackCountry "USA"]
[WhiteElo "1532"]
[WhiteRD "50"]
[BlackElo "1746"]
[BlackRD "43"]
[GameID "178978"]

1. e4 e6 2. d4 d5 3. e5 Ne7 4. c4 Ng6 5. a3 dxc4 6. Nd2 b5 7. Ngf3 Bb7 8. Be2 a6 9. Nf1 Be7 10. Ne3 O-O
11. O-O Nd7 12. b4 Nb6 13. g3 Nd5 14. Nxd5 Bxd5 15. Bd2 Qd7 16. Re1 Qc6 17. a4 f6 18. Bc3 fxe5 19. dxe5 Bxf3 20. Bxf3 Qxf3
21. Qxf3 Rxf3 22. Re3 Rxe3 23. fxe3 c6 24. a5 Rd8 25. Bd4 Bxb4 26. Kf1 c5 27. Rb1 cxd4 28. Rxb4 Nxe5 29. Ke2 d3+ 30. Kd1 Nc6
31. Rb2 Rf8 32. Ke1 e5
0-1

[Event "Snorlax # 10"]
[Site "SchemingMind.com"]
[Date "2008.11.19"]
[Round "-"]
[White "jtrochez1"]
[Black "admiradordebrahms"]
[Result "1/2-1/2"]
[WhiteCountry "HON"]
[BlackCountry "COL"]
[WhiteElo "1532"]
[WhiteRD "50"]
[BlackElo "1770"]
[BlackRD "71"]
[GameID "178981"]

1. e4 e5 2. Nf3 Nf6 3. d3 Nc6 4. h3 Bc5 5. Bg5 h6 6. Bh4 g5 7. Bg3 d6 8. Nbd2 Be6 9. c3 d5 10. Nxe5 Nxe5
11. Bxe5 Bd6 12. Bxd6 Qxd6 13. Qc2 O-O-O 14. Be2 h5 15. Nf3 g4 16. e5 Qb6 17. exf6 gxf3 18. Bxf3 Rh6 19. d4 Rxf6 20. O-O-O Bf5
21. Qb3 Qxb3 22. axb3 Be4 23. Bxe4 dxe4 24. Rhf1 Re8 25. Kc2 Rfe6 26. Rfe1 f5 27. b4 f4 28. Rd2 e3 29. fxe3 Rg8 30. Rde2 Rxe3
31. Kd2 h4 32. Rf2 Rxe1 33. Kxe1 f3 34. Kf1 fxg2+ 35. Rxg2 Rf8+ 36. Rf2 Rg8 37. Rg2 Rf8+ 38. Ke2 Re8+ 39. Kf2 Rf8+ 40. Ke2 Re8+
41. Kf2 Rf8+ 42. Ke2 Re8+=
1/2-1/2

[Event "Snorlax # 10"]
[Site "SchemingMind.com"]
[Date "2008.11.14"]
[Round "-"]
[White "Joe Daudish"]
[Black "jtrochez1"]
[Result "0-1"]
[WhiteCountry "USA"]
[BlackCountry "HON"]
[WhiteElo "1746"]
[WhiteRD "43"]
[BlackElo "1532"]
[BlackRD "50"]
[GameID "178983"]

1. d4 d5 2. Nf3 Nc6 3. Bf4 Nf6 4. h3 h6 5. e3 a6 6. Nbd2 Bf5 7. c3 e6 8. Be2 Bd6 9. Bxd6 cxd6 10. Nb3 Ne4
11. O-O O-O 12. Bd3 Bh7 13. Qc2 Rc8 14. Rfe1 Nb4 15. Qe2 Nxd3 16. Rf1 e5 17. dxe5 dxe5 18. Qxd3 Ng3 19. Qd2 Nxf1 20. Rxf1 f6
21. Rd1 e4 22. Nh2 Kh8 23. Qxd5 Qxd5 24. Rxd5 Rfd8 25. Rd4 b6 26. Nd2 Rxd4 27. exd4 b5 28. a3 f5 29. Nhf1 Bg8 30. g3 g5
31. Ne3 Bh7 32. Nb3 Kg7 33. Nc5 a5 34. Nd5 a4 35. Kf1 Bg8 36. Ne7 Bc4+ 37. Ke1 Rf8 38. Nc6 f4 39. gxf4 Rxf4 40. Ne5 Bd5
41. Ke2 Rh4 42. Na6 Rxh3 43. Nc7 Bc4+ 44. Nxc4 bxc4 45. Na6 g4 46. Nc5 e3 47. Nxa4 Rh2 48. Kxe3 Kf6 49. Nb6 h5 50. Nxc4 Rh3+
51. Kf4 Rf3+ 52. Ke4 Rxf2 53. a4 h4 54. Ne3 Kg5 55. b4 h3 56. d5 h2 57. c4 h1=Q+ 58. Kd4 Rf4+ 59. Kc5 Qg1 60. a5 Qxe3+
0-1

[Event "Snorlax # 10"]
[Site "SchemingMind.com"]
[Date "2008.11.19"]
[Round "-"]
[White "admiradordebrahms"]
[Black "jtrochez1"]
[Result "0-1"]
[WhiteCountry "COL"]
[BlackCountry "HON"]
[WhiteElo "1770"]
[WhiteRD "71"]
[BlackElo "1532"]
[BlackRD "50"]
[GameID "178986"]

1. e4 e5 2. Nf3 d6 3. d4 exd4 4. Nxd4 Ne7 5. Bc4 Nbc6 6. c3 Nxd4 7. cxd4 Bd7 8. Qh5 g6 9. Qf3 Be6 10. d5 Bd7
11. Qc3 Rg8 12. Bg5 Bg7 13. Bf6 Bxf6 14. Qxf6 Nc8 15. Qc3 Qg5 16. O-O Qe5 17. Qc2 Ne7 18. Nc3 a6 19. a4 Rg7 20. Qd2 Rg8
21. b4 f5 22. exf5 gxf5 23. Rae1 Qg7 24. b5 Qxg2#
0-1

[Event "Snorlax # 10"]
[Site "SchemingMind.com"]
[Date "2008.11.14"]
[Round "-"]
[White "drunkenmaster"]
[Black "jtrochez1"]
[Result "1-0"]
[WhiteCountry "PHI"]
[BlackCountry "HON"]
[WhiteElo "1848"]
[WhiteRD "88"]
[BlackElo "1571"]
[BlackRD "54"]
[GameID "178990"]

1. e4 e5 2. Nf3 d6 3. d4 exd4 4. Qxd4 Nc6 5. Bb5 Bd7 6. Bxc6 bxc6 7. Nc3 Be7 8. Qxg7 Bf6 9. Qg3 h6 10. Bd2 Qe7
11. O-O-O Qd8 12. e5 dxe5 13. Nxe5 Ne7 14. Rhe1 Qc8 15. Ne4 Bxe5 16. Qxe5 Rf8 17. Nf6+
1-0

[Event "Snorlax # 10"]
[Site "SchemingMind.com"]
[Date "2008.11.14"]
[Round "-"]
[White "drunkenmaster"]
[Black "Joe Daudish"]
[Result "1-0"]
[WhiteCountry "PHI"]
[BlackCountry "USA"]
[WhiteElo "1915"]
[WhiteRD "76"]
[BlackElo "1746"]
[BlackRD "43"]
[GameID "178992"]

1. e4 e6 2. d4 d5 3. Nc3 Ne7 4. Nf3 Ng6 5. h4 Be7 6. h5 Nf8 7. h6 g6 8. Be3 dxe4 9. Nxe4 Nc6 10. Qd2 Nd7
11. O-O-O Nf6 12. Nxf6+ Bxf6 13. Kb1 b6 14. Bb5 Qd5 15. c4 Qd6 16. d5 O-O 17. dxc6 Be7 18. Qc3 f6 19. Rxd6 Bxd6 20. c5 Be7
21. Rd1 a6 22. Bc4 b5 23. Bb3 a5 24. Rd7 Bxd7 25. cxd7 b4 26. Bxe6+ Kh8 27. Qd4 Rad8 28. c6 Bd6 29. Bg5 Be7 30. Ne5 Rb8
31. Nf7+ Rxf7 32. Bxf7 Rg8 33. Bxf6+ Bxf6 34. Qxf6+ Rg7 35. hxg7#
1-0

[Event "Snorlax # 10"]
[Site "SchemingMind.com"]
[Date "2008.11.14"]
[Round "-"]
[White "drunkenmaster"]
[Black "Carl Lenox"]
[Result "1-0"]
[WhiteCountry "PHI"]
[BlackCountry "CAN"]
[WhiteElo "1915"]
[WhiteRD "76"]
[BlackElo "1193"]
[BlackRD "65"]
[GameID "178993"]

1. e4 c5 2. Nf3 d6 3. Bb5+ Bd7 4. a4 Nc6 5. O-O Nf6 6. Re1 e6 7. Bxc6 Bxc6 8. d3 d5 9. Nbd2 a6 10. a5 b6
11. axb6 Qxb6 12. b3
1-0

[Event "Snorlax # 10"]
[Site "SchemingMind.com"]
[Date "2008.11.19"]
[Round "-"]
[White "drunkenmaster"]
[Black "admiradordebrahms"]
[Result "1-0"]
[WhiteCountry "PHI"]
[BlackCountry "COL"]
[WhiteElo "1915"]
[WhiteRD "76"]
[BlackElo "1770"]
[BlackRD "71"]
[GameID "178995"]

1. e4 e5 2. Nf3 Nf6 3. d3 Nc6 4. c3 d5 5. Nbd2 a5 6. Be2 Bc5 7. O-O O-O 8. Qc2 Re8 9. h3 b6 10. Re1 dxe4
11. dxe4 Ba6 12. Bxa6 Rxa6 13. Nf1 Re6 14. Bg5 Be7 15. Rad1 Rd6 16. Ne3 Rxd1 17. Rxd1 Qc8 18. Qa4 Qb7 19. Qb5 a4 20. Nxe5
1-0

[Event "Snorlax # 10"]
[Site "SchemingMind.com"]
[Date "2008.11.15"]
[Round "-"]
[White "jtrochez1"]
[Black "drunkenmaster"]
[Result "0-1"]
[WhiteCountry "HON"]
[BlackCountry "PHI"]
[WhiteElo "1532"]
[WhiteRD "50"]
[BlackElo "1915"]
[BlackRD "76"]
[GameID "178996"]

1. e4 c5 2. Nf3 d6 3. h3 Nf6 4. Nc3 Nc6 5. Bb5 Bd7 6. d3 g6 7. Be3 Bg7 8. Nd5 Nxd5 9. Bd2 Nc7 10. Bxc6 Bxc6
11. c3 e5 12. Be3 O-O 13. O-O b6 14. Qd2 d5 15. exd5 Qxd5 16. c4 Qd7 17. Qe2 f5 18. Rad1 Rad8 19. b3 h6 20. Ne1 f4
21. Bc1 f3 22. Nxf3 Rxf3 23. Kh2 Rf7 24. f3 Ne6 25. Be3 Nd4 26. Bxd4 exd4 27. Rde1 Qd6+ 28. Kg1 Re8 29. Qd1 Re3 30. Qc2 Qf4
31. Qf2 Be5 32. g3 Qxg3+ 33. Qxg3 Bxg3 34. Rxe3 dxe3
0-1

[Event "Snorlax # 10"]
[Site "SchemingMind.com"]
[Date "2008.11.14"]
[Round "-"]
[White "Joe Daudish"]
[Black "drunkenmaster"]
[Result "1-0"]
[WhiteCountry "USA"]
[BlackCountry "PHI"]
[WhiteElo "1746"]
[WhiteRD "43"]
[BlackElo "1915"]
[BlackRD "76"]
[GameID "178998"]

1. d4 Nf6 2. Nf3 d6 3. Bf4 Bg4 4. h3 Bxf3 5. exf3 e6 6. Bd3 Be7 7. Nd2 O-O 8. O-O Nc6 9. c3 e5 10. Be3 exd4
11. cxd4 d5 12. a3 a5 13. f4 Ne8 14. Nf3 f5 15. Ne5 Nxe5 16. fxe5 g6 17. g3 Ng7 18. Be2 Ne6 19. Qb3 Rb8 20. Bf3 c6
21. Rac1 Bg5 22. h4 f4 23. hxg5 fxe3 24. Qxe3 Qxg5 25. Bg2 Qxe3 26. fxe3 Rxf1+ 27. Kxf1 Kf7 28. Ke2 Ke7 29. Kd3 Rf8 30. Rf1 Rxf1
31. Bxf1 Ng5 32. Bg2 h5 33. b4 axb4 34. axb4 b5 35. e4 dxe4+ 36. Bxe4 Nxe4 37. Kxe4 Ke6 38. Kf4
1-0

[Event "Snorlax # 10"]
[Site "SchemingMind.com"]
[Date "2008.11.15"]
[Round "-"]
[White "Carl Lenox"]
[Black "drunkenmaster"]
[Result "0-1"]
[WhiteCountry "CAN"]
[BlackCountry "PHI"]
[WhiteElo "1193"]
[WhiteRD "65"]
[BlackElo "1915"]
[BlackRD "76"]
[GameID "178999"]

1. e4 c5 2. Nf3 d6 3. d4 cxd4 4. Nxd4 Nf6 5. Nc3 e6 6. g4 h6 7. Bb5+ Nbd7 8. Be3 a6 9. Bd3 b5 10. Qe2 Bb7
11. O-O-O Be7
0-1

[Event "Snorlax # 10"]
[Site "SchemingMind.com"]
[Date "2008.11.15"]
[Round "-"]
[White "doobwah"]
[Black "drunkenmaster"]
[Result "0-1"]
[WhiteCountry "USA"]
[BlackCountry "PHI"]
[WhiteElo "1599"]
[WhiteRD "81"]
[BlackElo "1915"]
[BlackRD "76"]
[GameID "179000"]

1. e4 c5 2. d3 e6 3. c4 Nc6 4. Nf3 d6 5. Be2 g6 6. Nc3 Bg7 7. Rb1 Nge7 8. Bd2 O-O 9. Bg5 h6 10. Bd2 d5
11. Na4 a6 12. cxd5 exd5 13. Nxc5 b6 14. Na4 b5 15. Nc3 d4 16. Nd5 Nxd5 17. exd5 Qxd5 18. b3 Re8 19. O-O Bb7 20. Re1 Re7
21. Nh4 Ne5 22. Nf3 Rae8 23. Bb4 Rc7 24. Bd2 g5 25. Bf1 Nxf3+ 26. Qxf3 Rxe1 27. Qxd5 Rxf1+ 28. Kxf1 Bxd5 29. f3 Rc2 30. Bb4 Rxa2
31. h3 Be5
0-1

[Event "Snorlax # 10"]
[Site "SchemingMind.com"]
[Date "2008.11.19"]
[Round "-"]
[White "admiradordebrahms"]
[Black "drunkenmaster"]
[Result "0-1"]
[WhiteCountry "COL"]
[BlackCountry "PHI"]
[WhiteElo "1770"]
[WhiteRD "71"]
[BlackElo "1915"]
[BlackRD "76"]
[GameID "179001"]

1. e4 e6 2. d4 d5 3. Nc3 Nf6 4. Bg5 Bb4 5. e5 h6 6. Bxf6 gxf6 7. Nf3 c5 8. Bb5+ Bd7 9. O-O Bxc3 10. Bxd7+ Nxd7
11. bxc3 fxe5 12. dxe5 Qc7 13. Qe2 O-O-O 14. c4 dxc4 15. Qxc4 Nxe5 16. Nxe5 Qxe5 17. Rae1 Qd5 18. Qa4 Rhg8 19. Re4 f5 20. f3 fxe4
21. Qxa7 exf3 22. Rxf3 Qxf3
0-1

[Event "Snorlax # 10"]
[Site "SchemingMind.com"]
[Date "2008.11.14"]
[Round "-"]
[White "aadaam"]
[Black "jtrochez1"]
[Result "1-0"]
[WhiteCountry "INT"]
[BlackCountry "HON"]
[WhiteElo "1778"]
[WhiteRD "44"]
[BlackElo "1532"]
[BlackRD "50"]
[GameID "179009"]

1. d4 d5 2. c4 Nf6 3. Nc3 e6 4. Nf3 Bb4 5. e3 Nc6 6. Bd2 O-O 7. Rc1 Bd7 8. Bd3 Re8 9. a3 Bxc3 10. Bxc3 Ne4
11. O-O Nxc3 12. Rxc3 Qf6 13. b4 e5 14. cxd5 e4 15. dxc6 Bxc6 16. Ne5 exd3 17. Nxc6 bxc6 18. Qxd3 Re6 19. Rfc1 Rd8 20. b5 cxb5
21. Qxb5 a6 22. Qb7 c5 23. Rxc5 Rb6 24. Qc7 Rb2 25. Qxd8+
1-0

[Event "Snorlax # 10"]
[Site "SchemingMind.com"]
[Date "2008.11.15"]
[Round "-"]
[White "aadaam"]
[Black "drunkenmaster"]
[Result "0-1"]
[WhiteCountry "INT"]
[BlackCountry "PHI"]
[WhiteElo "1780"]
[WhiteRD "44"]
[BlackElo "1848"]
[BlackRD "88"]
[GameID "179011"]

1. e4 c5 2. Nf3 d6 3. d4 cxd4 4. Nxd4 Nf6 5. Nc3 Nc6 6. Bg5 e6 7. f4 h6 8. Bh4 Be7 9. Bf2 Bd7 10. Qf3 a6
11. O-O-O Qc7 12. g3 Nxd4 13. Bxd4 e5 14. Be3 Bg4 15. Qg2 Bxd1 16. Kxd1 O-O 17. Bd3 b5 18. h4 b4 19. Nd5 Nxd5 20. exd5 exf4
21. gxf4 Bf6 22. Rg1 Rfe8 23. Kd2 Bxb2 24. f5 Bc3+ 25. Kd1 Rxe3
0-1

[Event "Snorlax # 10"]
[Site "SchemingMind.com"]
[Date "2008.11.14"]
[Round "-"]
[White "aadaam"]
[Black "Joe Daudish"]
[Result "0-1"]
[WhiteCountry "INT"]
[BlackCountry "USA"]
[WhiteElo "1780"]
[WhiteRD "44"]
[BlackElo "1728"]
[BlackRD "43"]
[GameID "179012"]

1. d4 d5 2. c4 e6 3. Nc3 dxc4 4. e4 Ne7 5. Bxc4 c6 6. Nf3 Ng6 7. O-O Be7 8. Be3 Nd7 9. Rc1 O-O 10. Qc2 b5
11. Bd3 Bb7 12. d5 exd5 13. exd5 Nb6 14. dxc6 Bxc6 15. Rfd1 Qb8 16. Nxb5 Bxf3 17. gxf3 Qe5 18. Re1 Qh5 19. Be4 Qxb5 20. Bxa8 Rxa8
21. Bxb6 Qxb6 22. Qe4 Rf8 23. b3 Bc5 24. Rc2 Bb4 25. Rd1 a5 26. h4 Qf6 27. Rc6 Qxh4 28. Rd4 Qxe4 29. fxe4 Ne5 30. Rc2 Nf3+
0-1

[Event "Snorlax # 10"]
[Site "SchemingMind.com"]
[Date "2008.11.14"]
[Round "-"]
[White "aadaam"]
[Black "Carl Lenox"]
[Result "1-0"]
[WhiteCountry "INT"]
[BlackCountry "CAN"]
[WhiteElo "1778"]
[WhiteRD "44"]
[BlackElo "1193"]
[BlackRD "65"]
[GameID "179013"]

1. d4 Nf6 2. c4 g6 3. Nc3 d5 4. cxd5 Nxd5 5. e4 Nb6 6. Bb5+ Bd7 7. Nf3 a6 8. Bxd7+ Qxd7 9. O-O Bg7 10. Be3 O-O
11. Rc1 Nc4 12. Qe2 Nxb2 13. Qxb2 b5 14. Rfd1 Nc6 15. Qd2 b4 16. Nd5 Rad8 17. Nxb4
1-0

[Event "Snorlax # 10"]
[Site "SchemingMind.com"]
[Date "2008.11.14"]
[Round "-"]
[White "aadaam"]
[Black "doobwah"]
[Result "1-0"]
[WhiteCountry "INT"]
[BlackCountry "USA"]
[WhiteElo "1778"]
[WhiteRD "44"]
[BlackElo "1599"]
[BlackRD "81"]
[GameID "179014"]

1. e4 e5 2. Nc3 Bc5 3. f4 exf4 4. Nf3 c6 5. d4 Bb4 6. Bxf4 d5 7. exd5 Qxd5 8. Qe2+ Ne7 9. Qe5 f6 10. Qxd5 Bxc3+
11. bxc3 Nxd5 12. Bd2 O-O 13. c4 Nc7 14. Bd3 Re8+ 15. Kf2 Nba6 16. Rhe1 c5 17. Rxe8+ Nxe8 18. Re1 Bd7 19. c3 b6 20. Be4 Rd8
21. Bd5+ Kf8 22. h3 g5 23. Be4 Kg7 24. d5 Nd6 25. Bd3 Rf8 26. Re7+ Rf7 27. Rxf7+ Nxf7 28. Ke3 Nc7 29. Be1 Ne8 30. Nh2 Ne5
31. Bg3 Nf7 32. Bb8 Ned6 33. Bxa7 Nc8 34. Bb8 f5 35. Bc7 Kf6 36. Nf3 f4+ 37. Kf2 Bf5 38. Bxf5 Kxf5 39. a4 Ke4 40. Ke2 h6
41. Nd2+ Kf5 42. a5 bxa5 43. Bxa5 Ke5 44. Bc7+ Kf5 45. Nb3 Ne5 46. Bxe5 Kxe5 47. Nxc5 Nd6 48. Nd7+ Kf5 49. c5 Nb5 50. c4 Na3
51. Kd3 Kg6 52. c6
1-0

[Event "Snorlax # 10"]
[Site "SchemingMind.com"]
[Date "2008.11.19"]
[Round "-"]
[White "aadaam"]
[Black "admiradordebrahms"]
[Result "1-0"]
[WhiteCountry "INT"]
[BlackCountry "COL"]
[WhiteElo "1778"]
[WhiteRD "44"]
[BlackElo "1770"]
[BlackRD "71"]
[GameID "179015"]

1. d4 Nf6 2. c4 e6 3. Nf3 b6 4. Nc3 Bb7 5. e3 Bb4 6. Be2 Ne4 7. Qc2 O-O 8. O-O Bxc3 9. bxc3 d6 10. Nd2 Ng5
11. h4 Nh3+ 12. gxh3 Qxh4 13. Kh2 Qf6 14. Bd3 g6 15. Ne4 Qf3 16. Rg1 h6 17. Rg3 Qxg3+ 18. fxg3 f5 19. Nf2 e5 20. e4 f4
21. gxf4 a5 22. fxe5 dxe5 23. Bxh6 Re8 24. Rg1 Re6 25. c5 Kh7 26. d5 Rf6 27. Ng4 Rf4 28. Bxf4
1-0

[Event "Snorlax # 10"]
[Site "SchemingMind.com"]
[Date "2008.11.14"]
[Round "-"]
[White "jtrochez1"]
[Black "aadaam"]
[Result "0-1"]
[WhiteCountry "HON"]
[BlackCountry "INT"]
[WhiteElo "1532"]
[WhiteRD "50"]
[BlackElo "1778"]
[BlackRD "44"]
[GameID "179016"]

1. e4 e6 2. d4 d5 3. e5 c5 4. c3 Nc6 5. Nf3 Be7 6. Na3 Bd7 7. Nc2 c4 8. Rb1 Qa5 9. a3 f6 10. Bd2 O-O-O
11. b4 Qa4 12. Bc1 b5 13. Ne3 Qxd1+ 14. Nxd1 Rf8 15. Be3 Bd8 16. Be2 Bc7 17. Nb2 a6 18. Bd1 fxe5 19. Nxe5 Nxe5 20. Be2 Nf7
21. Nd1 Ne7 22. f3 g5 23. Nf2 Nf5 24. Bd2 e5 25. dxe5 Bxe5 26. Ng4 Bg7 27. Ne3 h5 28. Nxd5 Bc6 29. Ne3 Nxe3 30. Bxe3 Bxc3+
31. Bd2 Bxd2+ 32. Kxd2 Rd8+ 33. Kc3 Rhe8 34. Bxc4 Re3+ 35. Kb2 bxc4 36. Rbc1 Rd2+ 37. Kb1 Ne5
0-1